[Event "Budapest FS02 IM (Women)"]
[Site "Budapest"]
[Date "1994.??.??"]
[Round "11"]
[White "Kiss, Fernanda"]
[Black "Cynolter Bognarne, Erzsebet"]
[Result "1-0"]
[WhiteElo "2100"]
[BlackElo "2040"]

1.e4 c6 2.d4 g6 3.Nc3 Bg7 4.Bc4 e6 5.e5 d5 6.Be2 a6 7.f4 Ne7 8.Nf3 Qc7 9.Be3 Nd7
10.g4 b6 11.O-O Bb7 12.Qe1 c5 13.Rd1 Rc8 14.Nh4 cxd4 15.Bxd4 Nc6 16.Be3 Bf8
17.f5 Ncxe5 18.fxe6 fxe6 19.Bf3 Nxf3+ 20.Nxf3 Be7 21.Nd4 Qe5 22.Qd2 Bc5 23.Nce2 Nf6
24.b4 Bxb4 25.c3 Bc5 26.Bf4 Ne4 27.Bxe5 Nxd2 28.Bxh8 Nxf1 29.Rxf1 Ke7 30.Be5 b5
31.Kg2 a5 32.Nxb5 Ba6 33.Nbd4 Bb6 34.Rf6 Rc4 35.Rxe6+ Kd7 36.Rxb6  1-0

[Event "Buenos Aires GP1"]
[Site "Buenos Aires"]
[Date "1994.??.??"]
[Round "8"]
[White "German, Gustavo"]
[Black "Amura, Claudia Noemi"]
[Result "0-1"]
[WhiteElo "2280"]
[BlackElo "2320"]

1.e4 g6 2.d4 Bg7 3.Nc3 c6 4.Be3 b5 5.Qd2 d6 6.h4 h5 7.f3 a6 8.a4 b4 9.Nd1 a5
10.c3 bxc3 11.bxc3 Qc7 12.Nf2 Nf6 13.Ngh3 Ba6 14.Bd3 Bxd3 15.Nxd3 Nbd7 16.Ng5 c5
17.Rb1 O-O 18.O-O c4 19.Nf4 Rfb8 20.Qa2 e5 21.Ne2 d5 22.Qd2 Qc6 23.dxe5 Nxe5
24.Bd4 Nd3 25.e5 Ne8 26.Qe3 Nc7 27.Nf4 Nxf4 28.Qxf4 Qe8 29.g4 Ne6 30.Nxe6 fxe6
31.Qg5 Kh7 32.gxh5 gxh5 33.Rb5 Bh6 34.Qf6 Qd7 35.Bc5 Rxb5 36.axb5 Rg8+ 37.Kh1 Qxb5
38.Bd4 Qd7 39.Rg1 Rxg1+ 40.Bxg1 Qe8 41.Bd4 a4 42.Bc5 Bg7 43.Qf4 Qg6 44.Qe3 Qf5
45.Bd6 Qh3+ 46.Kg1 Qxh4 47.Kg2 Kg6 48.Qa7 Qg5+ 49.Kf2 Qd2+ 50.Kg3 Bh6 51.Qg1 Qg5+  0-1

[Event "ESP-chT"]
[Site "Cala Galdana"]
[Date "1994.??.??"]
[Round "?"]
[White "Solana Suarez, Ernesto"]
[Black "Ramo Frontinan, Cristobal"]
[Result "1-0"]
[WhiteElo "2380"]
[BlackElo "2380"]

1.d4 g6 2.e4 Bg7 3.Nc3 c6 4.f4 d5 5.e5 h5 6.Nf3 Nh6 7.Be2 Bg4 8.Be3 e6 9.O-O Nd7
10.Qd2 Bf8 11.Nd1 Nf5 12.Bf2 Be7 13.Ne3 Bxf3 14.Bxf3 Qb6 15.Nxf5 gxf5 16.b3 Nf8
17.c4 Ng6 18.c5 Qd8 19.b4 h4 20.Be2 O-O 21.Rab1 b5 22.a4 a6 23.Ra1 Qd7 24.Ra3 Kg7
25.Rfa1 Rab8 26.axb5 axb5 27.Kh1 Rfc8 28.Be3 Bd8 29.R1a2 Be7 30.Qd1 Bd8 31.Bd3 Be7
32.Kg1 Rc7 33.Qa1 Bd8 34.Qd1 Be7 35.Kf1 Rcc8 36.Kf2 Qd8 37.Qa1 Kg8 38.Kg1 Bf8
39.Kh1 Bh6 40.g3 hxg3 41.hxg3 Bg7 42.Ra7 Rc7 43.Ra8 Rxa8 44.Rxa8 Rc8 45.Ra7 Bf8
46.Qa6 Qe8 47.Be2 Ne7 48.Bh5 Rb8 49.Kg2 Qc8 50.Qa5 Rb7 51.Ra8 Rb8 52.Ra7 Rb7
53.Ra8 Rb8 54.Ra6 Rb7 55.Bf2 Rb8 56.Qa3 Rb7 57.Kh3 Qc7 58.Ra8 Rb8 59.Ra6 Rb7
60.Qa1 Rb8 61.Kg2 Rb7 62.Be2 Rb8 63.Bd3 Qc8 64.Kf3 Bg7 65.Ra7 Kf8 66.Qa5 Ke8
67.g4 fxg4+ 68.Kxg4 Rb7 69.Ra8 Rb8 70.Ra7 Rb7 71.Ra6 f5+ 72.Kf3 Kf7 73.Ra8 Rb8
74.Ra7 Rb7 75.Bh4 Rxa7 76.Qxa7 Bf8 77.Be2 Qe8 78.Kf2 Kg8 79.Bg5 Nc8 80.Qa8 Kh8
81.Kg3 Kg8 82.Bf3 Qd7 83.Bh5 Kg7 84.Kh3 Kh7 85.Bf6 Kh6 86.Bf3 Kh7 87.Bh5 Kh6
88.Be2 Kh7 89.Qa3 Bh6 90.Qg3 Qf7 91.Qh4 Qg6 92.Kh2 Kg8 93.Kh1 Bg7 94.Bg5 Qh7
95.Bh5 Bh6 96.Bxh6 Qxh6 97.Bf7+ Kg7 98.Qxh6+ Kxh6 99.Bxe6 Ne7 100.Kg2 Kh5
101.Kg3  1-0

[Event "Doeberl Cup"]
[Site "Canberra"]
[Date "1994.??.??"]
[Round "7"]
[White "Johansen, Darryl K"]
[Black "Wohl, Aleksandar H"]
[Result "1-0"]
[WhiteElo "2500"]
[BlackElo "2370"]

1.d4 g6 2.e4 Bg7 3.Nc3 c6 4.Nf3 b5 5.a3 Bb7 6.Bd3 d6 7.O-O Nd7 8.Re1 e5 9.d5 a6
10.dxc6 Bxc6 11.Bf1 Nc5 12.b4 Ne6 13.a4 bxa4 14.Nxa4 Nf6 15.Nc3 O-O 16.Nd5 Nh5
17.Rxa6 Rxa6 18.Bxa6 f5 19.exf5 gxf5 20.b5 Be8 21.b6 e4 22.Nd2 Kh8 23.Nc4 Nc5
24.Nc7 Nxa6 25.Nxa6 Bb5 26.Qxh5 Bxa6 27.Ne3 Qxb6 28.Rd1 Bc8 29.Nd5 Qa7 30.Bh6 Be6
31.Nf4 Qf7 32.Bxg7+ Kxg7 33.Qg5+ Kh8 34.Rxd6 Bc8 35.Ng6+ hxg6 36.Qh6+ Kg8
37.Rxg6+ Qxg6 38.Qxg6+ Kh8 39.h4 e3 40.Qh6+ Kg8 41.Qxe3 f4 42.Qd4 f3 43.g4 Bxg4
44.Qxg4+ Kh8 45.Kh2 Rf6 46.Qd4 Kg7 47.Kg3  1-0

[Event "Cannes op"]
[Site "Cannes"]
[Date "1994.??.??"]
[Round "3"]
[White "Mrdja, Milan"]
[Black "Spraggett, Kevin"]
[Result "0-1"]
[WhiteElo "2405"]
[BlackElo "2550"]

1.e4 g6 2.d4 Bg7 3.Nc3 c6 4.f4 d5 5.e5 Nh6 6.Nf3 f6 7.Bd3 Bg4 8.O-O O-O 9.Ne2 Nd7
10.c3 Bxf3 11.Rxf3 fxe5 12.dxe5 e6 13.Be3 Ng4 14.Bd4 c5 15.h3 Nh6 16.Bf2 Qe7
17.c4 g5 18.cxd5 gxf4 19.Qc2 exd5 20.Bxh7+ Kh8 21.e6 Ne5 22.Rxf4 b6 23.Rf1 Qxe6
24.Bh4 Nc4 25.Rxf8+ Rxf8 26.Rxf8+ Bxf8 27.Bd3 Bg7 28.Bxc4 dxc4 29.Bf2 Nf5
30.Qd2 Qe5 31.Nc3 Nd4 32.Qd1 b5 33.Qg4 b4 34.Ne4 Ne6 35.Nxc5 Nxc5 36.Qc8+ Kh7
37.Bxc5 Qe1+ 38.Kh2 Be5+ 39.g3  0-1

[Event "Cannes op"]
[Site "Cannes"]
[Date "1994.??.??"]
[Round "5"]
[White "Palac, Mladen"]
[Black "Spraggett, Kevin"]
[Result "1-0"]
[WhiteElo "2505"]
[BlackElo "2550"]

1.e4 g6 2.d4 Bg7 3.Nc3 c6 4.f4 d5 5.e5 Nh6 6.Be2 f6 7.Be3 Qb6 8.Rb1 fxe5
9.fxe5 O-O 10.Nf3 Na6 11.Qd2 Nf5 12.Bf4 h6 13.h3 g5 14.Bh2 c5 15.Nxd5 Qd8
16.dxc5 Nxc5 17.Rd1 Be6 18.Qb4 b6 19.g4 Nh4 20.Nxh4 gxh4 21.Nf4 Qc8 22.O-O Bf7
23.Bf3 a5 24.Qe1 Ra7 25.Nh5 Bc4 26.Rf2 Qe6 27.b3 Rxf3 28.Rxf3 Bd5 29.Nf4  1-0

[Event "Cannes op"]
[Site "Cannes"]
[Date "1994.??.??"]
[Round "8"]
[White "Loncar, Robert"]
[Black "Spraggett, Kevin"]
[Result "1-0"]
[WhiteElo "2430"]
[BlackElo "2550"]

1.e4 g6 2.d4 Bg7 3.Nc3 c6 4.Bc4 b5 5.Bb3 a5 6.a3 d6 7.Qf3 e6 8.Nge2 Ba6 9.e5 d5
10.Nf4 Ne7 11.Nd3 Nd7 12.Bg5 h6 13.Bd2 Bb7 14.a4 b4 15.Ne2 c5 16.dxc5 Nc6
17.Qh3 Ndxe5 18.Nxe5 Bxe5 19.O-O Bxb2 20.Rab1 Bg7 21.Nf4 O-O 22.Nd3 h5 23.Rfe1 e5
24.Rbd1 Re8 25.c3 bxc3 26.Bxc3 d4 27.Bd2 Qc7 28.Qg3 Kh7 29.f3 f5 30.Nf2 Ne7
31.Nh3 Nd5 32.Ng5+ Kg8 33.c6 Qxc6 34.Rc1 Qd6 35.Rc4 Red8 36.Rec1 Rd7 37.Rc5 Kh8
38.Rb5 Rf8 39.Rcc5 Nc3 40.Bxc3 dxc3 41.Ne6 Qd2 42.h4 Kh7 43.Rb6 Rf6 44.Kh2 f4
45.Qg5 Bxf3 46.Rc8 Bxg2 47.Nf8+ Bxf8 48.Bg8+ Kh8 49.Qxf6+ Rg7 50.Qg5 Bf3+
51.Kh3 Bg4+ 52.Qxg4 hxg4+ 53.Kxg4 Qg2+  1-0

[Event "Cappelle op"]
[Site "Cappelle la Grande"]
[Date "1994.??.??"]
[Round "3"]
[White "Lane, Gary W"]
[Black "Tseshkovsky, Vitaly"]
[Result "0-1"]
[WhiteElo "2435"]
[BlackElo "2515"]

1.e4 g6 2.d4 Bg7 3.Nc3 c6 4.g3 d5 5.e5 f6 6.f4 Nh6 7.Be3 Qb6 8.Na4 Qa5+ 9.c3 Nd7
10.b4 Qc7 11.Nf3 O-O 12.Bg2 a5 13.O-O axb4 14.cxb4 Nb6 15.Nc5 Nc4 16.Bc1 b6
17.Nb3 Bg4 18.h3 Bxf3 19.Bxf3 e6 20.g4 fxe5 21.fxe5 Qe7 22.a3 Nf7 23.Bg2 Qh4
24.Qe1 Qxe1 25.Rxe1 Ra4 26.Bf1 Rfa8 27.Bxc4 dxc4 28.Nd2 c3 29.Nb3 Bh6 30.Rf1 Bxc1
31.Raxc1 Rxa3 32.Rxc3 Ng5 33.h4 Ne4 34.Rcf3 R3a4 35.Rc1 Rc8 36.b5 c5 37.dxc5 bxc5
38.Rf4 Rca8 39.b6 Rb8 40.Nd2 Nc3 41.Rf2 Rxg4+ 42.Kf1 Nd5 43.Rxc5 Rxh4 44.Nf3  0-1

[Event "Cappelle op"]
[Site "Cappelle la Grande"]
[Date "1994.??.??"]
[Round "9"]
[White "Hansen, Mads Smith"]
[Black "Lupu, Mircea Sergiu"]
[Result "1-0"]
[WhiteElo "2310"]
[BlackElo "2430"]

1.e4 g6 2.d4 Bg7 3.Nc3 c6 4.Nf3 d5 5.h3 dxe4 6.Nxe4 Nf6 7.Nxf6+ Bxf6 8.Bc4 Nd7
9.O-O Nb6 10.Bb3 a5 11.a4 O-O 12.Re1 Nd5 13.Bh6 Re8 14.Ne5 Be6 15.Qf3 Nc7
16.Rad1 Bxb3 17.Qxb3 Bxe5 18.dxe5 Qc8 19.e6 Nxe6 20.Qc3 f6 21.Qc4 Kf7 22.Rd3 Ra6
23.f4 c5 24.g4 f5 25.Rd5 Rg8 26.Kh2 Rd6 27.Rxd6 exd6 28.Qd5 Kf6 29.gxf5 gxf5
30.Bg5+ Nxg5 31.fxg5+ Kg6 32.Qxd6+ Kxg5 33.Qe7+ Kh6 34.Re6+ Rg6 35.Qh4+ Kg7
36.Re7+ Kf8 37.Qxh7 Qb8+ 38.Rc7 Qe8 39.Qh8+  1-0

[Event "Casablanca"]
[Site "Casablanca"]
[Date "1994.??.??"]
[Round "3"]
[White "Hamdouchi, Hichem"]
[Black "Spraggett, Kevin"]
[Result "1/2-1/2"]
[WhiteElo "2480"]
[BlackElo "2550"]

1.e4 g6 2.d4 Bg7 3.Nc3 c6 4.Bc4 b5 5.Bb3 a5 6.a3 d6 7.Nf3 Ba6 8.Be3 e6 9.Qd2 Nd7
10.Ne2 d5 11.Ng3 h6 12.O-O Ngf6 13.exd5 cxd5 14.Rfe1 Ne4 15.Qc1 Bb7 16.c3 Rc8
17.Nxe4 dxe4 18.Nd2 O-O 19.Bf4 Bxd4 20.Nxe4 Bxe4 21.Rxe4 Bg7 22.Bc2 Kh7 23.Re2 e5
24.Bg3 f5 25.f3 b4 26.axb4 axb4 27.cxb4 Qb6+ 28.Kh1 Rc4 29.h3 Rxb4 30.Bf2 Qb8
31.Rd2 Rf7 32.Ra6 Nf6  1/2-1/2

[Event "Ceske Budejovice op"]
[Site "Ceske Budejovice"]
[Date "1994.??.??"]
[Round "3"]
[White "Voloshin, Leonid"]
[Black "Biolek, Richard"]
[Result "0-1"]
[WhiteElo "2390"]
[BlackElo "2425"]

1.d4 g6 2.e4 Bg7 3.Nc3 c6 4.Be3 d5 5.Qd2 dxe4 6.Nxe4 Nf6 7.Nxf6+ Bxf6 8.O-O-O Be6
9.Kb1 Nd7 10.Ne2 Nb6 11.Nf4 Bc4 12.Bxc4 Nxc4 13.Qd3 Nxe3 14.Qxe3 O-O 15.c3 Qc7
16.Nd3 Rad8 17.g4 Rd5 18.f4 Rfd8 19.h4 h5 20.f5 c5 21.fxg6 cxd4 22.Qh6 fxg6
23.Nf4 Rb5 24.Qxg6+ Kh8 25.Qh6+ Kg8 26.b3 dxc3 27.Qg6+ Kh8 28.g5 Rxd1+ 29.Rxd1 c2+
30.Qxc2 Qxf4 31.gxf6 Qxf6 32.Qc8+ Kh7 33.Rg1 Qf5+ 34.Qxf5+ Rxf5 35.Rd1 Kg6
36.Rd7 e5 37.Rxb7 Rf7 38.Rxf7 Kxf7 39.Kc2 Ke6 40.Kc3 Kf5 41.b4 Kg4 42.b5 Kf3
43.Kd2 e4 44.Ke1 Ke3 45.a3 Kd3 46.a4 Kc4 47.Ke2 Kb4 48.Ke3 Kxa4 49.Kxe4 Kxb5
50.Kd4 Kb4 51.Kd3 Kb3  0-1

[Event "FRA-ch"]
[Site "Chambery"]
[Date "1994.??.??"]
[Round "?"]
[White "Chomet, Pascal"]
[Black "Koch, Jean Rene"]
[Result "0-1"]
[WhiteElo "2355"]
[BlackElo "2475"]

1.e4 g6 2.d4 Bg7 3.Nc3 c6 4.Be3 d5 5.Be2 dxe4 6.Nxe4 Nh6 7.c3 Nf5 8.Bf4 Nh4
9.Bg3 Qd5 10.Bxh4 Qxe4 11.Bg3 h5 12.Nf3 Bg4 13.Qb3 O-O 14.Qxb7 Nd7 15.Qa6 c5
16.h3 Bxf3 17.gxf3 Qc2 18.Qb7 Nb6 19.dxc5 Qxb2 20.O-O Qxe2 21.cxb6 axb6 22.Rae1 Qxa2
23.Rxe7 Qb3 24.Re3 Rae8 25.Rd3 Re6 26.Bd6 Rfe8 27.Bb4 Qc4 28.Qd5 Qh4 29.Kg2 Re5
30.Qd7 Rg5+ 31.Kh2 Re6 32.f4 Qxf4+  0-1

[Event "CZE-ch (Women)"]
[Site "Chrudim"]
[Date "1994.??.??"]
[Round "8"]
[White "Kalikova, Jana"]
[Black "Pallova, Romana"]
[Result "1/2-1/2"]
[WhiteElo "1980"]
[BlackElo "1965"]

1.e4 g6 2.d4 c6 3.Nc3 Bg7 4.Nf3 d5 5.h3 Nh6 6.Bf4 f6 7.exd5 cxd5 8.Bxb8 Rxb8
9.Bb5+ Kf8 10.Qe2 Nf7 11.O-O e6 12.Bd3 Bh6 13.Na4 Kg7 14.c4 b6 15.Nc3 Ng5
16.Nxg5 Bxg5 17.Rae1  1/2-1/2

[Event "Clichy"]
[Site "Clichy"]
[Date "1994.??.??"]
[Round "4"]
[White "Montheard, Xavier"]
[Black "Grimberg, Gilbert"]
[Result "1-0"]
[WhiteElo "2205"]
[BlackElo "2310"]

1.e4 g6 2.d4 Bg7 3.Nc3 c6 4.f4 Qb6 5.Nf3 d6 6.e5 Bg4 7.Ne4 dxe5 8.fxe5 Bxf3
9.gxf3 f6 10.exf6 Nxf6 11.c3 Nxe4 12.fxe4 e5 13.Qg4 O-O 14.Bc4+ Kh8 15.d5 Qf2+
16.Kd1 Na6 17.Qe2 Qh4 18.Qe1 Qg4+ 19.Qe2 Rf3 20.dxc6 Nc5 21.Be3 Rd8+ 22.Kc1 Qxe4
23.c7 Rc8 24.Rd1 Rxc7 25.Bxc5 Bh6+ 26.Rd2 Qf4 27.Bd5 Rf1+ 28.Kc2 Rxa1 29.Bd6 Qxd2+
30.Qxd2 Bxd2 31.Bxe5+ Rg7 32.Kxd2 Rg1 33.Bxb7 Rg5 34.Bxg7+ Kxg7 35.b4 Kf6
36.c4 Ke7 37.c5 Rg4 38.Kc3 Rh4 39.a4 Rxh2 40.b5 Kd8  1-0

[Event "Porz op"]
[Site "Cologne"]
[Date "1994.??.??"]
[Round "4"]
[White "Matthaei, Alexander"]
[Black "Petrienko, Vladimir"]
[Result "0-1"]
[WhiteElo "2295"]
[BlackElo "2450"]

1.e4 g6 2.d4 Bg7 3.Nc3 c6 4.Nf3 d5 5.h3 dxe4 6.Nxe4 Nd7 7.Bc4 Ngf6 8.Qe2 O-O
9.O-O h6 10.Nxf6+ Nxf6 11.Re1 e6 12.Bf4 b6 13.Be5 Bb7 14.Nd2 Qe7 15.Ne4 Rfd8
16.Nxf6+ Bxf6 17.c3 Rd7 18.Qg4 Kg7 19.h4 h5 20.Qg3 c5 21.Bb5 Rdd8 22.dxc5 Qxc5
23.Bxf6+ Kxf6 24.Be2 Kg7 25.Rad1 a5 26.Qf4 Rac8 27.Bf1 Ba8 28.Qc1 b5 29.Rd2 b4
30.Rxd8 Rxd8 31.cxb4 Qxb4 32.Re3 Qxh4 33.Qc3+ Qf6 34.Qxa5 Bb7 35.Qe5 Rd2
36.Qxf6+ Kxf6 37.Re2 Rd1 38.f3 Ba6 39.Rf2 h4 40.a4 Ra1 41.b3 Rb1 42.b4 Bxf1
43.Rxf1 Rxb4 44.Ra1 Rb6 45.Kh2 Ra6 46.Kh3 g5 47.Kg4 Kg6 48.f4 f5+ 49.Kf3 g4+
50.Ke3 Kh5 51.Kd4 g3 52.a5 Kg4 53.Ke3 e5 54.fxe5 f4+ 55.Ke4 f3 56.gxf3+ Kg5
57.Rg1 Rxa5 58.e6 Kf6 59.e7 Ra4+ 60.Kd5 Kxe7 61.Ke5 Ra2 62.Kf4 Rh2 63.Re1+ Kf6
64.Ra1 g2 65.Ra6+ Ke7 66.Ra7+ Kd6 67.Ra6+ Kc7 68.Ra7+ Kb6 69.Rg7 h3 70.Rg6+ Kc5
71.Rg5+ Kd4 72.Rg4 Rh1 73.Kg3+ Ke3  0-1

[Event "Copenhagen op16"]
[Site "Copenhagen"]
[Date "1994.??.??"]
[Round "3"]
[White "Andersen, Martin"]
[Black "Nilsson, Nils Specht"]
[Result "1-0"]
[WhiteElo "2030"]
[BlackElo "2260"]

1.e4 g6 2.d4 Bg7 3.Nc3 c6 4.Nf3 d6 5.Be3 b5 6.a3 a6 7.Bd3 Nd7 8.Ne2 Ngf6
9.h3 O-O 10.Ng3 c5 11.c3 Bb7 12.O-O Rc8 13.Qd2 Nb6 14.Bh6 cxd4 15.Nxd4 Nc4
16.Bxc4 Rxc4 17.Ndf5 Ne8 18.Nxg7 Nxg7 19.b3 Rc5 20.Be3 Rc6 21.f3 Qc7 22.Ne2 Rc8
23.Rac1 Ne6 24.Rfd1 a5 25.Kf2 Nc5 26.Nd4 Ra6 27.Nxb5 Qd7 28.Bxc5 Qxb5 29.Be3 Rac6
30.Qb2 a4 31.Rd5 Qxb3 32.Qxb3 axb3 33.Rb5 Ba6 34.Rxb3 Bc4 35.Rb4 Bd3 36.Bd2 f5
37.exf5 gxf5 38.g4 Kf7 39.Rd4 Bc4 40.gxf5 Kf6 41.Rh4 Bg8 42.Rg1 Rc5 43.Bg5+ Ke5
44.Bxe7 Bd5 45.Rh6 Rxc3 46.Bf6+  1-0

[Event "CZE-chT"]
[Site "?"]
[Date "1994.??.??"]
[Round "?"]
[White "Styblo, Michal"]
[Black "Karlik, Vladimir"]
[Result "1/2-1/2"]
[WhiteElo "2275"]
[BlackElo "2260"]

1.e4 g6 2.d4 Bg7 3.Nc3 c6 4.Bc4 d6 5.Qf3 e6 6.Nge2 Nd7 7.Qg3 e5 8.Be3 Ngf6
9.Bb3 O-O 10.O-O-O Qa5 11.f3 b5 12.dxe5 dxe5 13.Qf2 Nb6 14.h4 Nc4 15.Bxc4 bxc4
16.h5 Nxh5 17.g4 Nf4 18.Qh2 h6 19.Nxf4 exf4 20.Bxf4 g5 21.Be3 Qb4 22.a3 Qe7
23.Bd4 f6 24.Qf2 Re8 25.Bc5 Qb7  1/2-1/2

[Event "CZE-chT"]
[Site "?"]
[Date "1994.??.??"]
[Round "?"]
[White "Jansa, Vlastimil"]
[Black "Biolek, Richard"]
[Result "1-0"]
[WhiteElo "2515"]
[BlackElo "2420"]

1.e4 g6 2.d4 Bg7 3.Nc3 c6 4.Nf3 d5 5.h3 Nh6 6.Bd3 O-O 7.O-O f6 8.Re1 Nf7
9.b3 Re8 10.Bb2 a6 11.Bf1 b6 12.Qd2 e6 13.Rad1 Nd7 14.Re2 Nf8 15.Rde1 Bd7
16.Ba3 g5 17.g3 Ng6 18.Bg2 Qc7 19.Na4 Rad8 20.Qd3 a5 21.Nd2 dxe4 22.Bxe4 f5
23.Bg2 e5 24.Qa6 b5 25.Qb6 Qxb6 26.Nxb6 e4 27.Nxd7 Rxd7 28.c3 b4 29.cxb4 axb4
30.Bxb4 Bxd4 31.Nc4 c5 32.Bd2 Ra8 33.Nb6 Rad8 34.Nxd7 Rxd7 35.g4 Nf4 36.gxf5 Nxe2+
37.Rxe2 Nd6 38.Bxg5 Nxf5 39.Rxe4 Rg7 40.Bd2 Rd7 41.Rg4+ Kf7 42.Be4 Ke6 43.Kf1 Nd6
44.Bd3 Rf7 45.Rf4 Ra7 46.a4 Rb7 47.Bc2 Ke5 48.Rh4 Rf7 49.f4+ Kd5 50.Rh5+ Kc6
51.Rxh7  1-0

[Event "DEN-chT 9495"]
[Site "?"]
[Date "1994.??.??"]
[Round "3"]
[White "Jorgensen, Per Henrik Dorff"]
[Black "Pedersen, Svend"]
[Result "1-0"]
[WhiteElo "2310"]
[BlackElo "2250"]

1.d4 g6 2.e4 Bg7 3.Nc3 c6 4.Nf3 d6 5.Be2 b5 6.O-O Qc7 7.a3 a6 8.Be3 Nd7 9.Qd2 Bb7
10.Rad1 h6 11.Rfe1 e6 12.Bf1 Ne7 13.Bf4 e5 14.Be3 O-O-O 15.a4 f5 16.exf5 gxf5
17.axb5 cxb5 18.dxe5 dxe5 19.Bxb5 Nb8 20.Qe2 f4 21.Bxf4 Bxf3 22.Qxf3 Rhg8
23.Be3 axb5 24.Nxb5 Qa5 25.Na7+ Kc7 26.b4 Qa6 27.b5  1-0

[Event "Hessen-ch"]
[Site "Doernigheim"]
[Date "1994.??.??"]
[Round "1"]
[White "Buchal, Stephan"]
[Black "Reschke, Thomas"]
[Result "1/2-1/2"]
[WhiteElo "2340"]
[BlackElo "2225"]

1.e4 g6 2.d4 Bg7 3.Nc3 c6 4.Nf3 d5 5.Bf4 dxe4 6.Nxe4 Qa5+ 7.Bd2 Qd5 8.Bd3 Bg4
9.c3 Nf6 10.Qe2 O-O 11.h3 Bxf3 12.Qxf3 Nbd7 13.O-O Nxe4 14.Bxe4 Qb5 15.a4 Qb3
16.a5 e5 17.a6 Rac8 18.axb7 Qxb7 19.d5 cxd5 20.Bxd5 Qxb2 21.Ra2 Qb8 22.c4 Nf6
23.Be3 Nxd5 24.cxd5 Rc7 25.d6 Rd7 26.Bc5 Rc8 27.Qg4 Rcd8 28.Rd1 Qb5 29.Rxa7 f5
30.Qa4 Qxa4 31.Rxa4 Bf8 32.Ra2 Kf7 33.Rad2 Ke6 34.Bb6 Ra8 35.Bc7 Ra6 36.Re1 Bxd6
37.Bxd6 Raxd6 38.Rxd6+ Rxd6 39.g3 e4 40.h4 h6 41.Kg2 Rd2 42.Re3 Ke5 43.Ra3 Rd6
44.Ra5+ Kf6 45.Kf1 Rb6 46.Ke2 g5 47.hxg5+ Kxg5 48.Ra1 f4 49.gxf4+ Kxf4 50.Ra8  1/2-1/2

[Event "Hessen-ch qual"]
[Site "Doernigheim"]
[Date "1994.??.??"]
[Round "5"]
[White "Wege, Jochen"]
[Black "Krah, Michael"]
[Result "0-1"]
[WhiteElo "2240"]
[BlackElo "2115"]

1.e4 g6 2.d4 Bg7 3.Nc3 c6 4.Bc4 d6 5.Qf3 e6 6.Nge2 Qe7 7.Bf4 Nd7 8.Qg3 e5
9.Bg5 Ngf6 10.f3 O-O 11.dxe5 dxe5 12.Qf2 b6 13.O-O Nc5 14.Be3 Nfd7 15.b4 Ne6
16.b5 Bb7 17.Rfd1 Rac8 18.a4 Nf6 19.a5 cxb5 20.Bxb5 a6 21.Ba4 b5 22.Bb3 Rfd8
23.Rxd8+ Rxd8 24.Nd1 Bf8 25.c4 Qb4 26.Rb1 Rxd1+  0-1

[Event "Hessen-ch"]
[Site "Doernigheim"]
[Date "1994.??.??"]
[Round "5"]
[White "Lutz, Klaus Juergen"]
[Black "Reschke, Thomas"]
[Result "0-1"]
[WhiteElo "2300"]
[BlackElo "2225"]

1.e4 g6 2.d4 Bg7 3.Nc3 c6 4.Bc4 d6 5.Qf3 e6 6.Bf4 Nd7 7.Nge2 Qe7 8.Qg3 e5
9.Bg5 Ngf6 10.f3 h6 11.Be3 b5 12.Bb3 b4 13.Nd1 Ba6 14.Qf2 O-O 15.c4 d5 16.Rc1 dxe4
17.O-O exf3 18.Qxf3 exd4 19.Nxd4 Ne5 20.Qh3 c5 21.Nb5 Ne4 22.Bf4 Bc8 23.Qe3 Bb7
24.Nf2 Nxf2 25.Rxf2 a6 26.Re2 Rfe8 27.Rce1 f6 28.Bxh6 axb5 29.cxb5+ Kh7 30.Bg5 Qd7
31.Rd1 Qg4  0-1

[Event "Hessen-ch"]
[Site "Doernigheim"]
[Date "1994.??.??"]
[Round "9"]
[White "Kersten, Uwe"]
[Black "Reschke, Thomas"]
[Result "1-0"]
[WhiteElo "2365"]
[BlackElo "2225"]

1.e4 g6 2.d4 Bg7 3.Nc3 c6 4.f4 d5 5.e5 h5 6.Be3 Nh6 7.Nf3 Bg4 8.h3 Bxf3 9.Qxf3 e6
10.Bd3 h4 11.O-O Bf8 12.Ne2 Nd7 13.a4 Be7 14.b3 Kf8 15.c4 Kg7 16.Kh1 Nf5
17.Bf2 Rh5 18.Rfb1 Qh8 19.c5 Qd8 20.b4 Rh8 21.Ra2 Qc7 22.Ng1 b6 23.Rab2 bxc5
24.bxc5 Rab8 25.Qd1 Qa5 26.Rxb8 Rxb8 27.Rxb8 Nxb8 28.Be1 Qc7 29.Nf3 Ng3+
30.Kh2 Nh5 31.Bd2 Qb7 32.Qb1 Qc8 33.Kg1 Na6 34.Kf2 Nxc5 35.dxc5 Bxc5+ 36.Ke1 Be7
37.Be3 c5 38.Qb5 Qc7 39.a5 f6 40.a6 Ng3 41.exf6+ Kxf6 42.Bd2 d4 43.Qe8  1-0

[Event "Dresden (Women)"]
[Site "Dresden"]
[Date "1994.??.??"]
[Round "?"]
[White "Micic, Jordanka"]
[Black "Fischdick, Gisela"]
[Result "1/2-1/2"]
[WhiteElo "2330"]
[BlackElo "2280"]

1.e4 g6 2.d4 Bg7 3.Nc3 c6 4.Nf3 d5 5.h3 Nf6 6.e5 Ne4 7.Nxe4 dxe4 8.Ng5 c5
9.Bc4 O-O 10.c3 cxd4 11.cxd4 b5 12.Bb3 Bb7 13.e6 f5 14.d5 Qa5+ 15.Bd2 b4
16.O-O Bxd5 17.Bxb4 Bxb3 18.Qxb3 Qb6 19.Bxe7 Qxb3 20.axb3 Re8 21.Ba3 h6 22.Nf7 Rxe6
23.Nd8 Re8 24.Rfd1 Nd7 25.Rxd7 Rexd8 26.Rad1 Rxd7 27.Rxd7 a6  1/2-1/2

[Event "Dresden U20"]
[Site "Dresden"]
[Date "1994.??.??"]
[Round "?"]
[White "Kuehn, Peter"]
[Black "Grund, Holger"]
[Result "0-1"]
[WhiteElo "2230"]
[BlackElo "2285"]

1.e4 c6 2.d4 g6 3.Nc3 Bg7 4.Bc4 d6 5.Qf3 e6 6.Nge2 b5 7.Bb3 Bb7 8.a4 b4 9.Nd1 Nf6
10.Bf4 Na6 11.Ne3 O-O 12.Rd1 Qe7 13.e5 dxe5 14.dxe5 Nh5 15.Nc4 c5 16.Qg4 Nxf4
17.Nxf4 Qc7 18.Qe2 Bh6 19.Qg4 Bxf4 20.Qxf4 Bxg2 21.Rg1 Bd5 22.Rxd5 exd5 23.Ne3 Rae8
24.Rg5 h6 25.Ng4 hxg5 26.Qxg5 Re6 27.Bxd5 Qe7 28.Qf4 Nc7 29.Bxe6 fxe6 30.Nf6+ Kg7
31.Qh4 Rxf6  0-1

[Event "FIN-chT"]
[Site "?"]
[Date "1994.??.??"]
[Round "?"]
[White "Pulkkinen, Kari"]
[Black "Maki, Veijo"]
[Result "0-1"]
[WhiteElo "2360"]
[BlackElo "2405"]

1.e4 g6 2.d4 Bg7 3.Nc3 c6 4.Nf3 d6 5.a4 Nf6 6.Be2 O-O 7.O-O Nbd7 8.e5 Ne8
9.Bf4 dxe5 10.dxe5 Nc7 11.Bc4 Nb6 12.Bb3 Be6 13.Bxe6 Nxe6 14.Bg3 Qxd1 15.Rfxd1 a5
16.Ne4 Rfd8 17.b3 Nd5 18.Kf1 f5 19.exf6 exf6 20.Nd6 f5 21.c4 Nc3 22.Re1 Nc5
23.Re7 Bf6 24.Ree1 N3e4 25.Rad1 Bc3 26.Re3 Bb4 27.Be5 Rd7 28.Rd4 Rad8 29.Nxe4 fxe4
30.Rxd7 Rxd7 31.Nd4 Bd2 32.Re2 Bc3  0-1

[Event "Finkenstein op"]
[Site "Finkenstein"]
[Date "1994.??.??"]
[Round "?"]
[White "Reschun, Sascha"]
[Black "Wilczek, Ralph"]
[Result "0-1"]
[WhiteElo "2185"]
[BlackElo "2050"]

1.e4 g6 2.d4 Bg7 3.Nc3 c6 4.Bc4 d5 5.exd5 b5 6.Bb3 b4 7.Nce2 cxd5 8.Nf3 Nf6
9.Ba4+ Bd7 10.c3 bxc3 11.Nxc3 O-O 12.Bxd7 Nbxd7 13.O-O e6 14.Re1 Qb6 15.Rb1 a5
16.Be3 Rfc8 17.Ne5 Qb7 18.f4 Nb6 19.g4 Nc4 20.g5 Nh5 21.Bc1 Nxe5  0-1

[Event "Finkenstein op"]
[Site "Finkenstein"]
[Date "1994.??.??"]
[Round "?"]
[White "Fuchs, G."]
[Black "Walter, Martin"]
[Result "1-0"]
[WhiteElo "1985"]
[BlackElo "1970"]

1.e4 g6 2.d4 Bg7 3.Nc3 c6 4.Bc4 d6 5.Nf3 Nf6 6.O-O b5 7.Bd3 O-O 8.Bf4 Bg4
9.h3 Bxf3 10.Qxf3 b4 11.Ne2 d5 12.e5 Ne8 13.Qe3 f6 14.exf6 Rxf6 15.Bg5 Rf7
16.Nf4 Nc7 17.Nxg6 hxg6 18.Bxg6 Nd7 19.Bxf7+ Kxf7 20.Rae1 Nf6 21.Re2 Ne4
22.Bf4 Nb5 23.Be5 Qb6 24.Bxg7 Kxg7 25.Rd1 e5 26.dxe5 Qxe3 27.Rxe3 Rf8 28.e6 Re8
29.f3 Nc5 30.e7 Kf7 31.Rde1 Nd4 32.Re5 Nd7 33.Rh5 Nf6 34.Rh4 c5 35.c3 bxc3
36.bxc3 Nb5 37.c4 Nc7 38.cxd5 Ncxd5 39.Rc4 Nb4 40.a3 Nd3 41.Re3  1-0

[Event "Finkenstein op"]
[Site "Finkenstein"]
[Date "1994.??.??"]
[Round "?"]
[White "Kos, Toni"]
[Black "Koller, Hubert"]
[Result "1/2-1/2"]
[WhiteElo "2220"]
[BlackElo "2155"]

1.e4 g6 2.d4 Bg7 3.Nc3 c6 4.Nf3 d5 5.h3 Nh6 6.Bf4 dxe4 7.Nxe4 Nf5 8.Be5 O-O
9.Bxg7 Kxg7 10.Qd2 a5 11.h4 h5 12.O-O-O Nd6 13.Nxd6 Qxd6 14.Ne5 Nd7 15.Nxd7 Bxd7
16.Kb1 b5 17.Be2 Be6 18.Bf3 Bd5  1/2-1/2

[Event "Formia op"]
[Site "Formia"]
[Date "1994.??.??"]
[Round "5"]
[White "Nurkic, Sahbaz"]
[Black "Dizdarevic, Emir"]
[Result "1-0"]
[WhiteElo "2435"]
[BlackElo "2515"]

1.e4 g6 2.d4 Bg7 3.Nc3 c6 4.Nf3 Nf6 5.e5 Nd5 6.Nxd5 cxd5 7.Bf4 Qb6 8.Qc1 Nc6
9.c3 f6 10.exf6 Bxf6 11.Bd3 d6 12.O-O Bg4 13.Bxd6 Bxf3 14.Bc5 Qc7 15.gxf3 e5
16.Re1 O-O-O 17.Bb5 Rhe8 18.Qh6 Kb8 19.Bxc6 bxc6 20.Re3 Bg7 21.Qg5 Re6 22.Rae1 Rde8
23.Kg2 Kb7 24.dxe5 Rxe5 25.Qg4 a5 26.f4 Re4 27.Rxe4 Rxe4 28.Rxe4 dxe4 29.Be3 Qf7
30.Qg5 Qc7 31.Qc5 Bf6 32.Qa7+ Kc8 33.Qa8+ Kd7 34.Qg8 Kd6 35.b4 axb4 36.cxb4 Qg7
37.Bc5+ Kd7 38.Qb8 Ke6 39.Qd6+ Kf5 40.Qxc6 g5 41.Qd5+  1-0

[Event "Hessenliga"]
[Site "Germany"]
[Date "1994.??.??"]
[Round "?"]
[White "Rasch, Holger"]
[Black "Degenhardt, Horst"]
[Result "1-0"]
[WhiteElo "2260"]
[BlackElo "2340"]

1.e4 g6 2.d4 Bg7 3.Nc3 c6 4.Be2 d5 5.e5 h5 6.h3 Be6 7.Nf3 Qd7 8.Bf4 Nh6 9.Qd2 f6
10.O-O-O Nf7 11.exf6 exf6 12.Rhe1 Nd6 13.Bd3 Kf7 14.Qe2 Re8 15.Nh4 f5 16.Nf3 Ne4
17.Ne5+ Bxe5 18.Bxe5 Qe7 19.Bxe4 dxe4 20.f3 exf3 21.Qxf3 Nd7 22.Bf4 Nb6 23.Re2 Qd7
24.Be5 Nc4 25.g4 Nxe5 26.dxe5 Qe7 27.gxh5 Qg5+ 28.Kb1 Qxh5 29.Qf2 Kg7 30.h4 Rad8
31.Red2 Rxd2 32.Rxd2 b6 33.Qd4 Qg4 34.Qd6 Qxh4 35.Qxc6 Qe7 36.a4 Kf7 37.Nb5 Rd8
38.Nd6+ Kg7  1-0

[Event "BL2-O9394"]
[Site "Germany"]
[Date "1994.??.??"]
[Round "?"]
[White "Becker, Michael"]
[Black "Komljenovic, Luka"]
[Result "1/2-1/2"]
[WhiteElo "2305"]
[BlackElo "2180"]

1.e4 g6 2.d4 Bg7 3.Nc3 c6 4.f4 Nf6 5.e5 Nd5 6.Nxd5 cxd5 7.Nf3 O-O 8.Bd3 d6
9.O-O Nc6 10.c3 Bg4 11.Qb3 Bxf3 12.Rxf3 Qb6 13.Qxb6 axb6  1/2-1/2